Normal view
MARC view
Entry Personal Name
001 - CONTROL NUMBER
- control field: 1790
003 - CONTROL NUMBER IDENTIFIER
- control field: OSt
005 - DATE AND TIME OF LATEST TRANSACTION
- control field: 20110426133433.0
008 - FIXED-LENGTH DATA ELEMENTS
- fixed length control field: 110426|||a|||||| | ||| d
040 ## - CATALOGING SOURCE
- Original cataloging agency: OSt
- Transcribing agency: OSt
100 ## - HEADING--PERSONAL NAME
- Personal name: Ali, Syed Ameer,
- Dates associated with a name: 1849-1928.
670 ## - SOURCE DATA FOUND
- Source citation: Work cat.: (OSt)0: Woodroffe, John George, Sir, 1865-1936. 1788, Sir John Woodroffe & Syed Amir Ali's Law of evidence /, 2009.
